نسخه صرف میر مع تکمله و تبصره / Nuskhah-i Ṣarf-i Mīr ma'a Takmilah va Tabṣirah / (Record no. 82966)
[ view plain ]
| 000 -LEADER | |
|---|---|
| fixed length control field | 00710nam a2200205 a 4500 |
| 001 - CONTROL NUMBER | |
| control field | 82966 |
| 003 - CONTROL NUMBER IDENTIFIER | |
| rucl marc code | BD-RjUL |
| 005 - DATE AND TIME OF LATEST TRANSACTION | |
| control field | 20240206104828.0 |
| 008 - FIXED-LENGTH DATA ELEMENTS--GENERAL INFORMATION | |
| fixed length control field | 240206s1901 ir ||||| |||| 00| 0 per d |
| 035 ## - SYSTEM CONTROL NUMBER | |
| System control number | (BD-RjUL)82966 |
| 040 ## - CATALOGING SOURCE | |
| Original cataloging agency | BD-RjUL |
| Language of cataloging | eng |
| Transcribing agency | BD-RjUL |
| 041 ## - LANGUAGE CODE | |
| Language code of text/sound track or separate title | per |
| 082 ## - DEWEY DECIMAL CLASSIFICATION NUMBER | |
| Edition number | 23 |
| Classification number | 492.75 |
| Author mark and year | SHN 1901 |
| 100 ## - MAIN ENTRY--PERSONAL NAME | |
| Personal name | Sharīf, Mīr Sayyid ;; شریف, میر سید |
| 9 (RLIN) | 11479 |
| 245 10 - TITLE STATEMENT | |
| Title | نسخه صرف میر مع تکمله و تبصره / Nuskhah-i Ṣarf-i Mīr ma'a Takmilah va Tabṣirah / |
| Statement of responsibility, etc. | میر سید شریف, . / Mīr Sayyid Sharīf |
| 260 ## - PUBLICATION, DISTRIBUTION, ETC. (IMPRINT) | |
| Place of publication, distribution, etc. | Kānpūr,: |
| Name of publisher, distributor, etc. | رزاقی, / Razzāqī, |
| Date of publication, distribution, etc. | 1901 |
| 300 ## - PHYSICAL DESCRIPTION | |
| Pagination | 96 p. ; |
| Size | 22 cm |
| 650 ## - SUBJECT ADDED ENTRY--TOPICAL TERM | |
| Topical term or geographic name as entry element | Arabic language |
| Form subdivision | Grammar |
| 942 ## - ADDED ENTRY ELEMENTS (KOHA) | |
| Source of classification or shelving scheme | Dewey Decimal Classification |
| Koha item type | Books |
| Lost status | Source of classification or shelving scheme | Damaged status | Not for loan | Collection code | Permanent Location | Current Location | Shelving location | Date acquired | Full call number | Date last seen | Copy number | Koha item type |
|---|---|---|---|---|---|---|---|---|---|---|---|---|
| Dewey Decimal Classification | Not For Loan | Non-fiction | Central Library, University of Rajshahi | Central Library, University of Rajshahi | Reading Room | 14/11/1990 | F 492.75 SHN 1901 | 06/02/2024 | C-1 | Books | ||
| Dewey Decimal Classification | Non-fiction | Central Library, University of Rajshahi | Central Library, University of Rajshahi | General Stacks | 06/02/2024 | F 492.75 SHN 1901 | 06/02/2024 | C-2 | Books |